MARC

LEADER 00000nam0a2200000 4500
001 370611
005 20231102012310.0
035 |a (RuTPU)RU\TPU\retro\28020 
035 |a RU\TPU\book\133017 
090 |a 370611 
100 |a 20220718d1978 km y0rusy50 ca 
101 0 |a rus 
102 |a RU 
105 |a a z 001zy 
200 1 |a Индустриальный монтаж осветительных электроустановок  |f М. С. Живов 
210 |a Москва  |c Энергия  |d 1978 
215 |a 89 с.  |c ил. 
225 1 |a Библиотека электромонтера  |v Вып. 480 
320 |a Библиогр.: с. 89 
606 1 |a Электроосветительные установки  |x Монтаж  |2 stltpush  |3 (RuTPU)RU\TPU\subj\20634  |9 45724 
610 1 |a электрические источники света 
610 1 |a электропроводка 
610 1 |a электромонтажные работы 
610 1 |a индустриальные методы 
610 1 |a осветительные шинопроводы 
610 1 |a светильники 
610 1 |a щиты 
610 1 |a электроустановочные изделия 
675 |a 621.31.002.72  |v 4 
700 1 |a Живов  |b М. С.  |g Михаил Семенович 
801 1 |a RU  |b 63413507  |c 20071009  |g PSBO 
801 2 |a RU  |b 63413507  |c 20221122  |g PSBO 
942 |c BK